00676nam a22002177a 4500003000500000005001700005008004100022010000900063011001000072035000900082040000900091082001600100100002800116245009800144260007600242300001100318490002800329650005300357700002000410830002800430CHAP20220329133704.0971013s1993 r 00010 d a9514 a10486 a9723 cCHAP a332.71bD4200aDesai, Bhupat Maganlal. aInstitutional finance for agricultural developmentb: an analytical survey of critical issues aWashington, D.C. :bInternational Food Policy Research Institute,c1993 a162 p. aFood policy reviewv; 114aCrédito agrícolaxAsociaciones cooperativas.0 aMellor, John W.0 aFood policy reviewv; 1